Strategi menjawab sejarah 2 : Malaysia, Asia Tenggara, Asia Selatan dan Asia Timur

Bibliographic Details
Main Author: Ibrahim Saad
Format: Book
Published: Kuala Lumpur : Nurin Enterprise , 1991
Subjects:

MARC

LEADER 00000cam a2200000 7i4500
001 0000000140
002 000000195
005 20000330.0
020 |a 9679840042 
090 0 0 |a 950.7   |b IBR 
100 1 |a Ibrahim Saad 
245 1 0 |a Strategi menjawab sejarah 2 :   |b Malaysia, Asia Tenggara, Asia Selatan dan Asia Timur   |c Ibrahim Saad 
260 |a Kuala Lumpur :   |b Nurin Enterprise ,   |c 1991 
300 |a 732p 
651 0 |a Asia   |x Sejarah-STPM 
999 |a 027898   |b BUKU   |c RUJUKAN   |e PERPUSTAKAAN KOMUNITI PETALING JAYA 
999 |a 027899   |b BUKU   |c RUJUKAN   |e PERPUSTAKAAN KOMUNITI PETALING JAYA